00701nam a22001937a 4500999001900000005001700019010001500036020002700051035001400078037001300092082001500105245008000120260004500200270006400245300002000309500001900329942002900348952013000377 c166384d16638420190805113143.0 aENG-126126 a9780199493524c1495.00 aEN-109658 bDBAD/PUB a954.035092 aThe Oxford India Gandhi:bessential writingscedited by Gopalkrishna Gandhi bOxford University PressaNew Delhic2019 a2/11 Ground floor,Ansari RoadbDaryaganj, New Delhie110002 a863p.c22cm(Hb) aincludes index 2ddccENh954.035092mGAN 001040718NFICaDBADbDBADd2019-08-05eDBAD/PUBg995.00l0o954.035092 GANpEN-109658r2019-07-22 00:00:00t1v1495.00yEN